| 000 | 00962nam a2200289 i 4500 | ||
|---|---|---|---|
| 001 | bg | ||
| 100 | 1 | _aPREŻDO, Wiktor | |
| 245 | 1 | 0 |
_aChemia środowiska / _cWiktor Preżdo, Lech Nowakowski. |
| 260 |
_aOpole : _bWSI, _c1995. |
||
| 300 |
_a200 s. : _b2 mapy, rys., 2 wykr. ; _c24 cm. |
||
| 490 | 1 |
_aSkrypt Uczelniany / Wyższa Szkoła Inżynierska w Opolu, _x0860-9004 ; _vnr 171 |
|
| 504 | _aBibliogr. s. 199-200. | ||
| 650 | 9 | _aChemikalia a środowisko człowieka | |
| 650 | 9 |
_aEkologia _xzagadnienia |
|
| 650 | 9 |
_aRośliny _xbiochemia |
|
| 650 | 9 |
_aŚrodowisko człowieka _xhigiena |
|
| 650 | 9 |
_aŚrodowisko człowieka _xochrona |
|
| 650 | 9 |
_aZwierzęta _xbiochemia |
|
| 655 | _aPodręczniki akademickie | ||
| 700 | 1 | _aNOWAKOWSKI, Lech | |
| 830 | 0 |
_aSkrypt Uczelniany (Wyższa Szkoła Inżynierska w Opolu) ; _vnr 171 |
|
| 040 | _cBPK | ||
| 041 | 0 | _apl | |
| 080 | _a504:54:614](075.8) | ||
| 942 | _cKS | ||
| 008 | s pl f |000 0 pol | ||
| 999 |
_c6904 _d6904 |
||
| 856 |
_uhttp://koha.tu.koszalin.pl/cgi-bin/koha/opac-detail.pl?biblionumber=6904 _yKatalog online BPK |
||